Available copies
- 0 of 1 copy available at LARL/NWRL Consortium.
Current holds
0 current holds with 1 total copy.
Show All Copies
| Location | Call Number / Copy Notes | Barcode | Shelving Location | Status | Due Date |
|---|---|---|---|---|---|
Record details
- Physical Description: 17 p. 28 cm.
Search for related items by subject
| Subject: | Detroit Lakes (Minn.) Detroit Lakes Public Library. |
| LDR | 00661cam a2200181 a 4500 | ||
|---|---|---|---|
| 001 | 13215 | ||
| 003 | LARL_NWRL_CONSORTIUM | ||
| 008 | 940209 | ||
| 040 | . | ‡aLAL | |
| 092 | . | ‡aPon | |
| 100 | 1 | . | ‡aPonzio, Rick. |
| 245 | 1 | 4. | ‡aThe cat |
| 260 | . | ‡aDetroit Lakes, MN ‡b ‡cc 1993. | |
| 300 | . | ‡a17 p. ‡b ‡c28 cm. | |
| 651 | 0. | ‡aDetroit Lakes (Minn.) ‡0(LARL_NWRL_CONSORTIUM)72575 | |
| 610 | 2 | 0. | ‡aDetroit Lakes Public Library. |
| 901 | . | ‡a13215 ‡bSystem ‡c13215 ‡tbiblio | |

Add to basket
Permalink
Disable Highlighting